Über die Methoden zum Studium der Uranylhydrolyse /

Hlavní autor: Bartušek, Miloš, 1930-
Další autoři: Vrchlabský, Milan, 1933-, Boček, Petr, 1941-, Rabušic, Emil, 1917-, Gregor, Miroslav
Jazyk: Němčina
Čeština
Angličtina
Vydáno: Brno : Universita J.E. Purkyně, 1967
Edice: Spisy přírodovědecké fakulty University J.E. Purkyně v Brně. Řada E ; 33, č. 480
Fyzický popis: s. 51-92
Knihy
Uloženo v:
LEADER 01688nam a2200325 a 4500
001 000592734
003 CZ BrMZK
005 20140107130615.0
008 020329s1967 xr f cze d
040 |a BOA001  |b cze  |c BOA001 
041 0 |a cze  |a eng  |a ger 
100 1 |a Bartušek, Miloš,  |d 1930-  |7 jk01011009  |4 aut 
245 1 0 |a Über die Methoden zum Studium der Uranylhydrolyse /  |c Miloš Bartušek 
260 |a Brno :  |b Universita J.E. Purkyně,  |c 1967 
300 |a s. 51-92 
490 1 |a Spisy přírodovědecké fakulty University J.E. Purkyně v Brně. Řada E ;  |v 33, č. 480 
504 |a Obsahuje bibliografii 
505 2 0 |t Reaction of glyoxal-bis (2-hydroxyanil) with ions of the III. group of periodic system photometrie determination of sc3+ and in3+ /  |r M. Vrchlabský, P. Boček --  |t Synthézy v oblasti fenylethylamidul I /  |r Emil Rabušic --  |t Synthézy v oblasti fenylethylaminu II /  |r Emil Rabušic --  |t Příspěvek k aminoalkylaci fenoletherů I /  |r Emil Rabušic, Miroslav Gregor 
700 1 |a Vrchlabský, Milan,  |d 1933-  |7 jk01151034  |4 aut 
700 1 |a Boček, Petr,  |d 1941-  |7 xx0088412  |4 aut 
700 1 |a Rabušic, Emil,  |d 1917-  |7 jk01101842  |4 aut 
700 1 |a Gregor, Miroslav  |7 xx0018742  |4 aut 
810 2 |a Univerzita J.E. Purkyně v Brně.  |b Přírodovědecká fakulta.  |t Spisy 
910 |a BOA001  |b X-0587.027 
975 1 |a Vrchlabský, Milan,  |d 1933-  |7 jk01151034 
975 1 |a Boček, Petr,  |c chemik  |4 aut 
975 1 |a Rabušic, Emil,  |d 1917-  |7 jk01101842 
990 |a BK 
996 6 |b 2618931533  |c X-0587.027  |l MZK  |r Sklad / do 24 hodin  |n 0  |w 000592734  |u 000020  |a 1  |e BOA001  |j MZK50  |s P 
996 7 |b 2618931534  |c X-0587.027  |l MZK  |r Sklad / do 24 hodin  |n 0  |w 000592734  |u 000010  |a 1  |e BOA001  |j MZK50  |s A